| 000 | 00530nam a2200181Ia 4500 | ||
|---|---|---|---|
| 999 |
_c22295 _d22295 |
||
| 003 | OSt | ||
| 005 | 20200206104316.0 | ||
| 008 | 190216s9999||||xx |||||||||||||| ||und|| | ||
| 040 | _coclc | ||
| 082 |
_a297.61 _bKAR/F |
||
| 100 |
_a Karakunnu, Sheikh Mohammed _91839 |
||
| 245 | 0 |
_aFarooque Umer / _cSheikh Mohammed Karakunnu |
|
| 250 | _a2nd ed. | ||
| 260 |
_bIslamic Publishing House, _c1989. _aCalicut: |
||
| 300 | _a534p | ||
| 650 | _aIslamic History | ||
| 942 |
_cBK _2ddc _h297.61 _iKAR/F _k297.61 _mKAR/F |
||